000 00833nas a2200277 4500
001 BR2011001432
003 BR-BrBNA
005 20231205114857.0
007 ta
008 230509b bl.|||p| |||| 00| 00por d
040 _aBR-BrBNA
_bpor
_cBiblioteca Nacional de Agricultura
041 _a(Pt)
072 _aH60; P34
100 1 _aPeixoto, M.F.S.P.
100 1 _aBorges, V.P.
100 1 _aBorges, V.P.
100 1 _aPeixoto, C.P.
245 1 _aAção do trifluralin na micorrização e crescimento de plantas de amendoim (Arachis hypogaea)
650 _aAMENDOIM
650 _aHERBICIDA
650 _aINOCULAÇÃO
650 _aMICORRIZA
773 0 _tPlanta Daninha (Brazil)
_xISSN 0100-8358
_g(Jul-Sep 2010), v. 28(3) p. 609-614
_wBR2011001432
909 _a202311
_bLúcia
_c55
_dLúcia Elande
942 _2AGRIS
_n0
_cANA
999 _c210972
_d210972